000 00776nam a2200181 i 4500
001 165489
003 ES-MaACL
005 20230906213140.0
008 050908s1873 sp | |||||||| ||spa d
040 _aCAM
_bspa
_cCAM
110 2 _aSociedad Espiritista Española.
_9134891
245 1 0 _aSociedad Espiritista Española (Centro de Organización)
_b: sesion inaugural del año 1873-74 : memoria y discurso.
260 _aMadrid :
_b[s.n.],
_c1873 (
_fImprenta de J.M. Alcántara)
300 _a15 p. ;
_c25 cm.
594 _aPreliminares firmados por Daniel Suarez y extracto del discurso de Joaquin Huelves Temprado.
610 2 4 _aSociedad Espiritista Española-
_vMemorias y balances.
_9134892
852 _aES-MaACL
_jT-441-F-10
_z-- Enc. hol.
_z-- Enc. en un vol. facticio
999 _c165489
_d165489